000 00730nam a22002537a 4500
001 BR9602625
003 BR-BrBNA
005 20230928095005.0
007 ta
008 230509b bl.||||| |||| 00| 0 por d
040 _aBR-BrBNA
_bpor
_cBiblioteca Nacional de Agricultura
041 _a(Por)
072 _aF01
_b1810
090 _ 1810 BR9602625
110 1 _aEmpresa de Assistencia Tecnica e Extensao Rural do Estado de Pernambuco, Recife (Brasil)
245 1 _aSistema de producao a cultura do chuchu (versao preliminar)
260 3 _aRecife, PE (Brasil):
_c1995.
300 _a23 p.
650 _aChuchu
650 _aPratica Cultural
650 _aAdubacao
909 _a202309
_bLucia
_c55
_dLucia Elande
942 _cBK
999 _c53857
_d53857